00633 2200241 4500001002100000005001500021035002000036007000300056008004100059020001800100082000600118084001200124100001800136245007000154260004400224300003100268500002400299650001800323700001700341700001100358990001100369990001100380INLIS00000000000781320220309114227 a0010-0321001183ta220309 d 1 ind  a979-20-7001-X aF aF HIR r0 aHIRO, Mashima1 aRave 24 /cHiro Mashima; alih bahasa, M. Gunarsah; editor, Nining aJakarta :bElex Media Komputindo,c2005 a192 hal. :bilus. ;c17 cm aJudul Asli: Rave 24 4aKOMIK. BACAAN0 aGUNARSAH, M.0 aNINING a6156 a a6156 a